000 00567nam a2200193Ia 4500
005 20250507130311.0
008 008 250505s9999 xx 000 0 eng d
037 _aSeries Article
040 _aEASL
_beng
_cEASL
041 _aeng
_2eng
084 _qEASL
100 _aKumaraswamy P. R.
245 0 _aChina, Israel and the US: The problematic triangle
260 _aUK
_bLondon Sage Publications
_c2013
300 _a143-159 Pp.
650 _aChina; China - Israel - United States America
_9755134
942 _cSRA
999 _c1318857
_d1318857